000 01189nam a22002657a 4500
005 20110707122046.0
008 110707t xxu||||| |||| 00| 0 mar d
010 _aMAR-21028
020 _a9788184982527
_c250.00
035 _aMR-13686
037 _bDBAD/PUB
040 _aDPL
_bMR
082 _a891.46301
100 _929210
245 _aकथा गुर्जरी /
_cअंजनी नरवणे द्वारा अनुवादित
246 _aKatha Gurjari
260 _aपुणे
_bमेहता पब्लिशिंग हाऊस
_c2011
270 _a1941,सदाशिव पेठ,माडीवाले कॉलनी
_bपुणे
_e411030
300 _aपाच,298पृ.
_c22सेमी(अजिल्द)
650 _aमराठी कथासंग्रह
_929214
650 _aMarathi Short Stories
_929215
700 _aनरवणे,अंजनी
_929211
942 _2ddc
_cMR
_h891.46301
_mकथागु
999 _c53626
_d53626